LEADER 02556oam 2200457 a 450 001 9910697876503321 005 20081204091254.0 035 $a(CKB)5470000002392215 035 $a(OCoLC)259108671 035 $a(EXLCZ)995470000002392215 100 $a20080929d2008 ua 0 101 0 $aeng 135 $aurmn||||||||| 181 $ctxt$2rdacontent 182 $cc$2rdamedia 183 $acr$2rdacarrier 200 10$aDisaster recovery$b[electronic resource] $epast experiences offer insights for recovering from Hurricanes Ike and Gustav and other recent natural disasters : report to the Committee on Homeland Security and Governmental Affairs, U.S. Senate /$fUnited States Government Accountability Office 210 1$a[Washington, D.C.] :$cU.S. Govt. Accountability Office,$d[2008] 215 $aii, 36 pages $cdigital, PDF file 300 $aTitle from title screen (viewed on Oct. 29, 2008). 300 $a"September 2008." 300 $aPaper version available from: U.S. Govt. Accountability Office, 441 G St., NW, Rm. LM, Washington, D.C. 20548. 300 $a"GAO-08-1120." 320 $aIncludes bibliographical references. 330 $aGAO was asked to identify insights from past disasters and share them with state and local officials undertaking recovery activities. GAO reviewed six past disasters-- the Loma Prieta earthquake in northern California (1989), Hurricane Andrew in south Florida (1992), the Northridge earthquake in Los Angeles, California (1994), the Kobe earthquake in Japan (1995), the Grand Forks/Red River flood in North Dakota and Minnesota (1997), and Hurricanes Katrina and Rita in the Gulf Coast (2005). GAO interviewed officials involved in the recovery from these disasters and experts on disaster recovery. GAO also reviewed relevant legislation, policies, and its previous work. 517 $aDisaster recovery 606 $aDisaster relief$zUnited States 606 $aBuildings$zUnited States$xRepair and reconstruction$xFinance 606 $aFederal aid to community development$zUnited States 615 0$aDisaster relief 615 0$aBuildings$xRepair and reconstruction$xFinance. 615 0$aFederal aid to community development 712 02$aUnited States.$bCongress.$bSenate.$bCommittee on Homeland Security and Governmental Affairs. 712 02$aUnited States.$bGovernment Accountability Office. 801 0$bEJB 801 1$bEJB 801 2$bGPO 906 $aBOOK 912 $a9910697876503321 996 $aDisaster Recovery$92504603 997 $aUNINA LEADER 00770nam0-22002651i-450 001 990004707340403321 005 20260306124851.0 035 $a000470734 035 $aFED01000470734 035 $a(Aleph)000470734FED01 035 $a000470734 100 $a19990604d1949----km-y0itay50------ba 101 0 $aita 105 $ay-------001yy 200 1 $a<>pensiero moderno$eRevisioni critiche e ricerche storiche$fMichele Federico Sciacca 210 $aBrescia$cLa Scuola$d1949. 610 0 $aFilosofia moderna 700 1$aSciacca,$bMichele Federico$0159046 801 0$aIT$bUNINA$gRICA$2UNIMARC 901 $aBK 912 $a990004707340403321 952 $a190 SCIM 01$bI.S.F. 672$fFLFBC 959 $aFLFBC 996 $aPensiero moderno$9555818 997 $aUNINA